Statistics for Fairy Type Pokemon

Click here to take the quiz!

General Stats

  • This quiz has been taken 715 times
    (660 since last reset)
  • The average score is 25 of 35

Answer Stats

Secondary TypePokemon% Correct
NoneClefable
91%
NoneClefairy
91%
NormalJigglypuff
90%
NormalWigglytuff
89%
PsychicGardevoir
79%
WaterAzumarill
77%
PsychicKirlia
77%
PsychicRalts
77%
NoneCleffa
75%
WaterMarill
75%
NoneSylveon
75%
RockDiancie
74%
ElectricDedenne
73%
NormalIgglybuff
73%
FlyingTogekiss
73%
NoneTogepi
73%
FlyingTogetic
72%
SteelMawile
71%
NormalAzurill
69%
RockCarbink
69%
PsychicMr Mime
69%
SteelKlefki
66%
NoneFlabebe
65%
NoneXerneas
65%
NoneFlorges
63%
NoneGranbull
63%
NoneSlurpuff
61%
NoneSnubbull
61%
NoneFloette
60%
NoneAromatisse
59%
NoneSpritzee
59%
GrassCottonee
58%
PsychicMime Jr
58%
GrassWhimsicott
58%
NoneSwirlix
57%

Score Distribution

Percentile by Number Answered

Percent of People with Each Score

Your Score History

You have not taken this quiz since the last reset